Normal view
MARC view
- Valadez Sierra, María de los Dolores
Entry Nombre Personal
001 - NUMERO DE CONTROL
- campo de control: 36931
003 - IDENTIFICADOR DE NUMERO DE CONTROL
- campo de control: UPN
005 - FECHA Y HORA DE LA ÜLTIMA TRANSACCIÓN
- campo de control: 20210219194519.0
008 - DATOS DE LONGITUD FIJA
- campo de control de longitud fija: nabaccnnaabn|||||||||| b |nc|||||d
035 ## - NUMERO DE CONTROL
- Número de control: UPN11000009038
040 ## - FUENTE DE CATALOGACIÓN
- Lenguaje de catalogación: SPA
- Agencia de transcripción: UPN
100 1# - ENCABEZAMIENTO - NOMBRE PERSONAL
- Nombre personal: Valadez Sierra, María de los Dolores
670 ## - FUENTE EN LA QUE SE LOCALIZARON DATOS
- Cita de la fuente: T
- Uniform Resource Identifier: http://8congreso.delasalle.edu.mx/imagenes/curriculum/Dolores_Valadez.pdf
680 ## - NOTA PUBLICA DE ACCESO PÚBLICO
- Frase explicativa de la referencia: Doctora en Psicología de la Salud por la Universidad de Guadalajara.
902 ## - CATALOGADOR
- Catalogador: EMR/070515
